Konštrukcia systémov na podporu rozhodovania za podmienok neurčitosti a rizika

Gespeichert in:
Bibliographische Detailangaben
1. Verfasser: Kvietková, Anna
Weitere Verfasser: Hysko, Miroslav
Format: Buchkapitel
Sprache:Slowakisch
Tags: Tag hinzufügen
Keine Tags, Fügen Sie das erste Tag hinzu!

MARC

LEADER 00000nla$a2200000$$$4500
001 0062536
005 20240502071715.1
041 0 |a slo 
044 |a SK 
245 1 0 |a Konštrukcia systémov na podporu rozhodovania za podmienok neurčitosti a rizika  |c Anna Kvietková, Miroslav Hysko 
100 1 |a Kvietková, Anna 
700 1 |a Hysko, Miroslav